Loading...
| Fine Arts - Classical Music | 3 | 6.67 | 67% | 0% | 0% |
| Fine Arts - Other | 3 | 10.00 | 67% | 0% | 33% |
| Fine Arts - Painting and Sculpture | 5 | 10.00 | 80% | 20% | 0% |
| Geography | 1 | 10.00 | 100% | 0% | 0% |
| History - American | 2 | 10.00 | 50% | 0% | 50% |
| History - European | 1 | 10.00 | 100% | 0% | 0% |
| History - Other | 3 | 6.67 | 67% | 0% | 0% |
| History - World | 2 | 10.00 | 100% | 0% | 0% |
| Literature - American | 1 | 10.00 | 100% | 0% | 0% |
| Literature - British | 2 | 10.00 | 100% | 0% | 0% |
| Literature - European | 2 | 15.00 | 100% | 50% | 0% |
| Literature - World | 5 | 6.00 | 60% | 0% | 0% |
| Mythology | 3 | 13.33 | 67% | 67% | 0% |
| Philosophy | 3 | 10.00 | 100% | 0% | 0% |
| Popular Culture | 1 | 10.00 | 100% | 0% | 0% |
| Religion | 5 | 8.00 | 80% | 0% | 0% |
| Science - Biology | 1 | 10.00 | 100% | 0% | 0% |
| Science - Chemistry | 3 | 6.67 | 67% | 0% | 0% |
| Science - Other | 3 | 13.33 | 100% | 0% | 33% |
| Science - Physics | 3 | 0.00 | 0% | 0% | 0% |
| Social Science | 5 | 6.00 | 60% | 0% | 0% |